UM Logo

Marketing mix and sales volume of concrete products in the selected hardware services outlet in Digos City/ (Record no. 2709)

MARC details
000 -LEADER
fixed length control field 00671nam a22001577a 4500
008 - FIXED-LENGTH DATA ELEMENTS--GENERAL INFORMATION
fixed length control field 160525b xxu||||| |||| 00| 0 eng d
082 ## - DEWEY DECIMAL CLASSIFICATION NUMBER
Edition number 2012
Classification number UT 0349
Item number C14
100 ## - MAIN ENTRY--PERSONAL NAME
9 (RLIN) 8949
Personal name Camallere, Rojeamar A.
245 ## - TITLE STATEMENT
Title Marketing mix and sales volume of concrete products in the selected hardware services outlet in Digos City/
Statement of responsibility, etc. Rojeamar A. Camallere, Jastine Ann R. Casayas and Gilbert G. Baylon Jr.
260 ## - PUBLICATION, DISTRIBUTION, ETC. (IMPRINT)
Place of publication, distribution, etc. Digos City:
Name of publisher, distributor, etc. UMDC
Date of publication, distribution, etc. March 2012.
300 ## - PHYSICAL DESCRIPTION
Extent 45 pages;
Dimensions 28 cm.
650 #0 - SUBJECT ADDED ENTRY--TOPICAL TERM
9 (RLIN) 8948
Topical term or geographic name as entry element Business Administration
Form subdivision Marketing Management
General subdivision Undergraduate thesis.
700 ## - ADDED ENTRY--PERSONAL NAME
9 (RLIN) 8946
Personal name Casayas, Jastine Ann R.
700 ## - ADDED ENTRY--PERSONAL NAME
9 (RLIN) 8947
Personal name Baylon, Gilbert G.
Numeration Jr.
942 ## - ADDED ENTRY ELEMENTS (KOHA)
Source of classification or shelving scheme Dewey Decimal Classification
Koha item type Undergraduate Thesis
Holdings
Withdrawn status Lost status Source of classification or shelving scheme Damaged status Not for loan Collection code Home library Current library Date acquired Total Checkouts Full call number Barcode Date last seen Price effective from Koha item type
    Dewey Decimal Classification     Undergraduate Theses UM Digos College - LIC UM Digos College - LIC 05/25/2016   UT 0349 C14 2012 UT0349 05/25/2016 05/25/2016 Undergraduate Thesis